[Event "34th ECC Women 2018"]
[Site "Porto Carras GRE"]
[Date "2018.10.16"]
[Round "5.1"]
[Board "1"]
[White "Heinemann, Josefine"]
[Black "Pogonina, Natalija"]
[Result "0-1"]
[WhiteTitle "WIM"]
[BlackTitle "WGM"]
[WhiteElo "2308"]
[BlackElo "2485"]
[WhiteTeam "Mulhouse Philidor"]
[BlackTeam "Ugra"]
[WhiteFideId "12900460"]
[BlackFideId "4147855"]
[EventDate "2018.10.12"]

1. d4 Nf6 2. Nf3 d5 3. c4 e6 4. g3 Bb4+ 5. Bd2 Be7 6. Bg2 O-O 7. O-O Nbd7 8. Qc2
c6 9. Bf4 b6 10. Rd1 Ba6 11. Ne5 Rc8 12. Qa4 Nb8 13. Nc3 b5 14. cxb5 cxb5 15.
Qb3 b4 16. Na4 Bxe2 17. Rdc1 Qa5 18. Bd2 Qb5 19. Nc5 a5 20. a3 Bxc5 21. dxc5
Nfd7 22. Nxd7 Nxd7 23. axb4 Nxc5 24. Qa3 axb4 25. Bxb4 Nd3 26. Rxc8 Rxc8 27. Bc3
Qb6 28. Qa7 Qxa7 29. Rxa7 d4 30. Bd2 f5 31. Ra8 Rxa8 32. Bxa8 Nxb2 33. f4 Kf7
34. Bc6 Ba6 35. Bc1 Nc4 36. Kf2 Ke7 37. Ba4 Nb6 38. Bb3 Bc4 39. Ba3+ Kf7 40. Bd1
Nd5 41. Bf3 Nf6 42. Bb2 d3 43. Ke3 Bd5 44. Bxd5 exd5 45. Kxd3 Ng4 46. h4 Nf2+
47. Kd4 Ke6 48. Bc3 Ne4 49. Be1 g6 50. h5 gxh5 51. Kd3 Nc5+ 52. Kd4 Nb7 53. Bb4
Nd6 54. Ba5 Nf7 55. Be1 Nh8 56. Ke3 Ng6 57. Bf2 Kd7 58. Kd4 Kc6 59. Ke3 h4 60.
gxh4 h5 61. Bg3 Kc5 62. Kd3 d4 63. Bh2 Nxh4 64. Bg3 Ng6 65. Bh2 h4 0-1

[Event "34th ECC Women 2018"]
[Site "Porto Carras GRE"]
[Date "2018.10.16"]
[Round "5.1"]
[Board "2"]
[White "Girya, Olga"]
[Black "Haussernot, Cecile"]
[Result "0-1"]
[WhiteTitle "WGM"]
[BlackTitle "WIM"]
[WhiteElo "2479"]
[BlackElo "2204"]
[WhiteTeam "Ugra"]
[BlackTeam "Mulhouse Philidor"]
[WhiteFideId "4195752"]
[BlackFideId "601632"]
[EventDate "2018.10.12"]

1. d4 d5 2. c4 c6 3. Nf3 Nf6 4. e3 Bf5 5. Nc3 e6 6. Nh4 Bg6 7. Nxg6 hxg6 8. g3
dxc4 9. Bxc4 Nbd7 10. O-O Qa5 11. a3 O-O-O 12. b4 Qf5 13. f3 Bd6 14. Ra2 Bxg3
15. hxg3 Ne5 16. Qe2 Rh3 17. dxe5 Qxe5 18. Qe1 Rdh8 19. Rg2 Qf5 20. Kf2 Rh2 21.
Rg1 Ng4+ 22. Ke2 Ne5 23. Qf2 Qc2+ 24. Bd2 Nxc4 25. Ne4 Rxg2 26. Qxg2 Rd8 27. Rd1
f5 28. Ke1 fxe4 0-1

[Event "34th ECC Women 2018"]
[Site "Porto Carras GRE"]
[Date "2018.10.16"]
[Round "5.1"]
[Board "3"]
[White "Richard, Emma"]
[Black "Guseva, Marina"]
[Result "0-1"]
[WhiteTitle "WFM"]
[BlackTitle "IM"]
[WhiteElo "2127"]
[BlackElo "2409"]
[WhiteTeam "Mulhouse Philidor"]
[BlackTeam "Ugra"]
[WhiteFideId "657590"]
[BlackFideId "4149351"]
[EventDate "2018.10.12"]

1. e4 c5 2. Nf3 d6 3. Bb5+ Nc6 4. O-O Bd7 5. c3 Nf6 6. Re1 a6 7. Bf1 Bg4 8. h3
Bxf3 9. Qxf3 g6 10. d3 Bg7 11. Be3 Nd7 12. Nd2 O-O 13. Qd1 b5 14. f4 Rb8 15. Nf3
e6 16. d4 cxd4 17. cxd4 Nf6 18. a4 Qd7 19. axb5 axb5 20. e5 Nd5 21. Bd2 Rfd8 22.
Ng5 Qb7 23. Ba5 Nxa5 24. Rxa5 Nxf4 25. Rxb5 Qc7 26. g3 Rxb5 27. Bxb5 Nd5 28. Qf3
dxe5 29. dxe5 h6 30. Nxe6 fxe6 31. Bd3 Ne7 32. Qe4 Qxe5 33. Qxe5 Bxe5 34. Bc4
Bxb2 35. Rxe6 Kf8 36. g4 Rd4 37. Rf6+ Ke8 38. Bf7+ Kd8 39. Ra6 Rd1+ 40. Kg2 Rd2+
41. Kf3 Rd3+ 42. Ke4 Ra3 43. Rb6 Ra4+ 44. Kd3 Ra3+ 45. Ke4 Bc1 46. Bxg6 Kc7 47.
Rb1 Bg5 48. Be8 Rxh3 49. Rg1 Re3+ 50. Kd4 Kd6 51. Rg2 Nd5 52. Bf7 Bf6+ 53. Kc4
Re4+ 54. Kb3 Ne3 55. Re2 Re7 56. Bh5 Rb7+ 57. Ka4 Nd5 58. Rc2 Nc3+ 59. Ka5 Bd4
60. Bg6 Kc5 61. Bd3 Ra7+ 62. Ba6 Be5 0-1

[Event "34th ECC Women 2018"]
[Site "Porto Carras GRE"]
[Date "2018.10.16"]
[Round "5.1"]
[Board "4"]
[White "Kovanova, Baira"]
[Black "Neuhauser, Salome"]
[Result "1-0"]
[WhiteTitle "WGM"]
[BlackTitle "WFM"]
[WhiteElo "2350"]
[BlackElo "2115"]
[WhiteTeam "Ugra"]
[BlackTeam "Mulhouse Philidor"]
[WhiteFideId "4164083"]
[BlackFideId "662461"]
[EventDate "2018.10.12"]

1. d4 Nf6 2. Nf3 g6 3. Bf4 Bg7 4. e3 O-O 5. h3 d6 6. Be2 b6 7. O-O Bb7 8. Nbd2
Nbd7 9. a4 c5 10. a5 bxa5 11. Nb3 Qb6 12. Nxa5 Nd5 13. Bg5 cxd4 14. exd4 Ba6 15.
c4 N5f6 16. Be3 Qc7 17. d5 Nb6 18. Nc6 Bc8 19. Nfd4 a6 20. Qb3 Re8 21. Rfc1 Nbd7
22. Qd1 Bb7 23. b4 e5 24. dxe6 fxe6 25. Na5 Rab8 26. Nxb7 Qxb7 27. Rab1 e5 28.
Nb3 d5 29. Na5 Qa8 30. cxd5 Nxd5 31. Nc6 Nxe3 32. fxe3 Rb7 33. Bf3 Nf6 34. Na5
e4 35. Nxb7 Qxb7 36. Be2 Bh6 37. Qd4 Rf8 38. Rf1 Bg7 39. Qc4+ Kh8 40. Qxa6 Qd5
41. Rbc1 Qd2 42. Rc8 Nd7 43. Rcxf8+ Nxf8 44. Qa8 Qxb4 45. Qd5 h5 46. Bc4 Kh7 47.
Qxe4 Qc3 48. Rf7 Kh8 49. Kh1 Qa1+ 50. Rf1 Qa3 51. Qd5 Kh7 52. e4 Qe7 53. e5 1-0

[Event "34th ECC Women 2018"]
[Site "Porto Carras GRE"]
[Date "2018.10.16"]
[Round "5.1"]
[Board "1"]
[White "Muzychuk, Mariya"]
[Black "Dzagnidze, Nana"]
[Result "1/2-1/2"]
[WhiteTitle "GM"]
[BlackTitle "GM"]
[WhiteElo "2533"]
[BlackElo "2509"]
[WhiteTeam "Kyiv Chess federation"]
[BlackTeam "Nona"]
[WhiteFideId "14114550"]
[BlackFideId "13601903"]
[EventDate "2018.10.12"]

1. e4 c5 2. Nf3 d6 3. d4 cxd4 4. Nxd4 Nf6 5. Nc3 a6 6. h3 b5 7. Nd5 Bb7 8. Nxf6+
gxf6 9. c4 e5 10. Ne2 f5 11. Nc3 fxe4 12. Be3 d5 13. Nxd5 Bxd5 14. cxd5 Bb4+ 15.
Bd2 Qa5 16. Bxb4 Qxb4+ 17. Qd2 Qxd2+ 18. Kxd2 Nd7 19. Ke3 Ke7 20. g4 Nf6 21. d6+
Kxd6 22. g5 Nd5+ 23. Kxe4 f5+ 24. gxf6 Nxf6+ 25. Kd3 e4+ 26. Kd4 Rac8 27. a4
Rhd8 28. axb5 Ke6+ 29. Ke3 Ke5 30. bxa6 Nd5+ 31. Ke2 Nb4 32. Bg2 Rc2+ 33. Kf1
Rdd2 34. Kg1 Rxf2 35. Rh2 Nxa6 36. Rxa6 e3 37. Ra5+ Kf6 38. Ra6+ Ke5 39. Ra5+
Kf6 40. Ra6+ 1/2-1/2

[Event "34th ECC Women 2018"]
[Site "Porto Carras GRE"]
[Date "2018.10.16"]
[Round "5.1"]
[Board "2"]
[White "Batsiashvili, Nino"]
[Black "Zhukova, Natalia"]
[Result "1/2-1/2"]
[WhiteTitle "GM"]
[BlackTitle "GM"]
[WhiteElo "2482"]
[BlackElo "2403"]
[WhiteTeam "Nona"]
[BlackTeam "Kyiv Chess federation"]
[WhiteFideId "13602993"]
[BlackFideId "14101513"]
[EventDate "2018.10.12"]

1. d4 Nf6 2. c4 c5 3. d5 b5 4. cxb5 a6 5. bxa6 e6 6. Nc3 exd5 7. Nxd5 Be7 8. Nf3
O-O 9. e4 Nxe4 10. Be2 Bxa6 11. O-O Re8 12. Re1 Nf6 13. Bf4 Nxd5 14. Qxd5 Nc6
15. Bxa6 Rxa6 16. Rad1 Bf6 17. Rxe8+ Qxe8 18. Re1 Qc8 19. Qxc5 Bxb2 20. Ng5 h6
21. Ne4 Ba3 22. Qc4 Ne7 23. Qxc8+ Nxc8 24. Nc3 Nb6 25. Rb1 Bc5 26. Be3 d6 27.
Kf1 Nc4 28. Rb8+ Kh7 29. Bxc5 dxc5 30. Rc8 Ra3 1/2-1/2

[Event "34th ECC Women 2018"]
[Site "Porto Carras GRE"]
[Date "2018.10.16"]
[Round "5.2"]
[Board "3"]
[White "Osmak, Iulija"]
[Black "Javakhishvili, Lela"]
[Result "0-1"]
[WhiteTitle "IM"]
[BlackTitle "IM"]
[WhiteElo "2405"]
[BlackElo "2475"]
[WhiteTeam "Kyiv Chess federation"]
[BlackTeam "Nona"]
[WhiteFideId "14101602"]
[BlackFideId "13601458"]
[EventDate "2018.10.12"]

1. d4 d6 2. e4 Nf6 3. Nc3 g6 4. Bf4 c6 5. Qd2 b5 6. Bd3 Nbd7 7. Nf3 Bg7 8. Bh6
O-O 9. Bxg7 Kxg7 10. e5 dxe5 11. dxe5 Ng4 12. Qf4 Nc5 13. h3 Nxd3+ 14. cxd3 Nh6
15. d4 b4 16. Ne4 Qd5 17. O-O f6 18. Rfe1 a5 19. Rac1 Be6 20. a3 fxe5 21. Qxe5+
Qxe5 22. Nxe5 Bd5 23. axb4 axb4 24. Nxc6 Rfc8 25. Nxb4 Rxc1 26. Rxc1 Bxe4 27.
Re1 Ra4 28. Rxe4 Rxb4 29. Rxe7+ Nf7 30. Re2 Rxd4 31. f3 Kf6 32. Kf2 Nd6 33. Rc2
Rb4 34. Ke2 Rb3 35. Kd2 Ke6 36. Kc1 h5 37. Re2+ Kf5 38. Kc2 Rb8 39. g4+ Kf6 40.
h4 Rb4 41. Rd2 Nf7 42. Rd5 hxg4 43. Kc3 Rf4 44. fxg4 Rxg4 45. h5 g5 46. b4 Ke6
47. Rd4 Rh4 48. b5 Rxh5 49. b6 Nd6 50. Kb4 Rh4 51. Kc5 Nb7+ 52. Kc4 Ke5 53. Rxh4
gxh4 54. Kd3 h3 55. Ke3 h2 0-1

[Event "34th ECC Women 2018"]
[Site "Porto Carras GRE"]
[Date "2018.10.16"]
[Round "5.2"]
[Board "4"]
[White "Melia, Salome"]
[Black "Gaponenko, Inna"]
[Result "0-1"]
[WhiteTitle "IM"]
[BlackTitle "IM"]
[WhiteElo "2387"]
[BlackElo "2409"]
[WhiteTeam "Nona"]
[BlackTeam "Kyiv Chess federation"]
[WhiteFideId "13602446"]
[BlackFideId "14101181"]
[EventDate "2018.10.12"]

1. e4 c5 2. Nf3 e6 3. d4 cxd4 4. Nxd4 Nf6 5. Nc3 d6 6. g4 h6 7. h3 Nc6 8. Bg2
Bd7 9. Be3 Be7 10. Qe2 Rc8 11. O-O Ne5 12. a4 g5 13. Rfd1 a6 14. Nf3 Nc4 15. Bc1
Qa5 16. Rb1 h5 17. e5 Nxe5 18. Nxe5 Qxe5 19. Qxe5 dxe5 20. Bxb7 Rb8 21. Bf3 hxg4
22. hxg4 Rb4 23. b3 Nxg4 24. Ne4 Nf6 25. Nd6+ Kf8 26. Nc4 e4 27. Bg2 Nd5 28. Ne3
Bc6 29. Nxd5 exd5 30. Bb2 f6 31. Bd4 Kf7 32. Bf1 Ra8 33. c4 dxc4 34. Bxc4+ Kg6
35. Bc3 Rb7 36. Kf1 Rh8 37. Bxa6 Rd7 38. Rxd7 Bxd7 0-1

[Event "34th ECC Women 2018"]
[Site "Porto Carras GRE"]
[Date "2018.10.16"]
[Round "5.2"]
[Board "1"]
[White "Mammadzada, Gunay"]
[Black "Gunina, Valentina"]
[Result "1-0"]
[WhiteTitle "IM"]
[BlackTitle "GM"]
[WhiteElo "2438"]
[BlackElo "2525"]
[WhiteTeam "Odlar Yurdu"]
[BlackTeam "Caissa Italia Pentole Agnelli"]
[WhiteFideId "13403729"]
[BlackFideId "4167570"]
[EventDate "2018.10.12"]

1. e4 e5 2. Nf3 Nc6 3. Bb5 Nf6 4. O-O Nxe4 5. Re1 Nd6 6. Nxe5 Nxe5 7. Rxe5+ Be7
8. Bf1 O-O 9. d4 Ne8 10. d5 Bc5 11. Re1 Qf6 12. Be3 Bxe3 13. Rxe3 Qxb2 14. Nc3
Qb4 15. Rb1 Qh4 16. Bd3 d6 17. Qe2 Nf6 18. h3 c6 19. Qf3 cxd5 20. Nxd5 Nxd5 21.
Qxd5 Be6 22. Qxd6 Rfd8 23. Qe5 b6 24. a3 Rac8 25. Rb4 Qh6 26. Ra4 Rd5 27. Qb2
Rd7 28. Rae4 g6 29. Bc4 Rc6 30. Qb4 a5 31. Qa4 Rd1+ 32. Kh2 Bd7 33. Bxf7+ Kg7
34. Re7 Kf8 35. Qe4 Qg5 36. Be8 Qf5 37. Rf3 Qxf3 38. gxf3 1-0

[Event "34th ECC Women 2018"]
[Site "Porto Carras GRE"]
[Date "2018.10.16"]
[Round "5.2"]
[Board "2"]
[White "Paehtz, Elisabeth"]
[Black "Mamedjarova, Zeinab"]
[Result "1-0"]
[WhiteTitle "IM"]
[BlackTitle "WGM"]
[WhiteElo "2513"]
[BlackElo "2358"]
[WhiteTeam "Caissa Italia Pentole Agnelli"]
[BlackTeam "Odlar Yurdu"]
[WhiteFideId "4641833"]
[BlackFideId "13401521"]
[EventDate "2018.10.12"]

1. c4 c6 2. d4 d5 3. cxd5 cxd5 4. Bf4 Nf6 5. Nc3 e6 6. e3 Be7 7. Bd3 O-O 8. h3
a6 9. Nf3 b5 10. Rc1 Bb7 11. O-O Nc6 12. Ne5 Rc8 13. Qe2 Nxe5 14. Bxe5 Nd7 15.
Bg3 Nb6 16. Nb1 Qd7 17. Nd2 Rxc1 18. Rxc1 Rc8 19. Nb3 Rxc1+ 20. Nxc1 Qc8 21. Qc2
Qxc2 22. Bxc2 h6 23. Nd3 Nc4 24. Bc7 Kf8 25. b3 Bd6 26. bxc4 Bxc7 27. Nc5 Bc8
28. cxd5 exd5 29. Bb3 Be6 30. Nxa6 Bd6 31. Kf1 Ke7 32. Ke2 h5 33. Kd3 g5 34. Kc3
Bh2 35. Nb4 Kd6 36. Bd1 Bg1 37. Nd3 h4 38. Bg4 f5 39. Be2 g4 40. Kd2 b4 41. f4
gxf3 42. gxf3 f4 43. Nxf4 Bd7 44. Bf1 Bh2 45. Nd3 Bb5 46. Bg2 Bxd3 47. Kxd3 Bg3
48. Bf1 Ke6 49. Be2 Kd6 50. Bd1 Bh2 51. Bb3 Bg3 52. e4 dxe4+ 53. fxe4 Kc6 54. e5
Kb5 55. Ke4 Kc6 56. d5+ Kd7 57. d6 Kc6 58. Ba4+ Kb6 59. Kd5 1-0

[Event "34th ECC Women 2018"]
[Site "Porto Carras GRE"]
[Date "2018.10.16"]
[Round "5.2"]
[Board "3"]
[White "Balajayeva, Khanim"]
[Black "Tsolakidou, Stavroula"]
[Result "1-0"]
[WhiteTitle "WIM"]
[BlackTitle "IM"]
[WhiteElo "2326"]
[BlackElo "2393"]
[WhiteTeam "Odlar Yurdu"]
[BlackTeam "Caissa Italia Pentole Agnelli"]
[WhiteFideId "13406396"]
[BlackFideId "4264312"]
[EventDate "2018.10.12"]

1. e4 c5 2. c3 d5 3. exd5 Qxd5 4. d4 Nc6 5. Nf3 Bg4 6. Be2 cxd4 7. cxd4 e6 8.
O-O Qa5 9. h3 Bxf3 10. Bxf3 Nf6 11. Nc3 Rd8 12. Be3 Bd6 13. Qb3 Rd7 14. Rfd1 O-O
15. d5 Nxd5 16. Bxd5 exd5 17. Rxd5 Qd8 18. Rad1 Re8 19. Nb5 Re6 20. Bg5 Ne7 21.
Bxe7 Qxe7 22. Qc3 h6 23. g3 a6 24. Nd4 Rc7 25. Nf5 Qf8 26. Qa5 Rd7 27. Qa4 Rd8
28. Qd4 Bc7 29. Rxd8 Bxd8 30. Qxd8 Re1+ 31. Kg2 1-0

[Event "34th ECC Women 2018"]
[Site "Porto Carras GRE"]
[Date "2018.10.16"]
[Round "5.2"]
[Board "4"]
[White "Brunello, Marina"]
[Black "Mammadova, Gulnar"]
[Result "0-1"]
[WhiteTitle "FM"]
[BlackTitle "IM"]
[WhiteElo "2294"]
[BlackElo "2355"]
[WhiteTeam "Caissa Italia Pentole Agnelli"]
[BlackTeam "Odlar Yurdu"]
[WhiteFideId "822590"]
[BlackFideId "13403508"]
[EventDate "2018.10.12"]

1. e4 e6 2. d4 d5 3. e5 c5 4. c3 Ne7 5. Nf3 Nec6 6. Bd3 b6 7. Qe2 a5 8. O-O Ba6
9. Bxa6 Nxa6 10. Rd1 Be7 11. c4 Nxd4 12. Nxd4 cxd4 13. Qg4 g6 14. Bh6 Qc7 15.
cxd5 Qxe5 16. dxe6 fxe6 17. Nd2 Rd8 18. Nc4 Qf6 19. Re1 Nc5 20. Ne5 Rd5 21. f4
Qh4 22. Qxh4 Bxh4 23. g3 Bf6 24. Rad1 Ke7 25. h4 Rc8 26. Bg5 Nd7 27. Nf3 d3 28.
Rd2 Rc2 29. Kf2 Rxd2+ 30. Nxd2 h6 31. Bxf6+ Kxf6 32. Rd1 e5 33. Ne4+ Kf5 34. Ke3
exf4+ 35. gxf4 Nc5 36. Nc3 Rd6 37. Nb5 Re6+ 38. Kf3 Kf6 39. Nd4 Re7 40. Nc6 Re4
41. Ne5 Kf5 42. Nxd3 Nxd3 43. Rxd3 Rxf4+ 44. Kg3 Rg4+ 45. Kh3 Rb4 46. b3 Re4 47.
Rd6 Re3+ 48. Kg2 Re6 49. Rd5+ Ke4 50. Rb5 Kf4 51. Kh3 g5 52. hxg5 hxg5 53. Kg2
Re2+ 54. Kf1 Rxa2 55. Rxb6 g4 56. Rc6 Kg3 57. Rc3+ Kh2 58. Rc8 Ra1+ 59. Kf2 g3+
60. Kf3 Rf1+ 61. Ke2 Rf5 62. Rh8+ Kg1 63. Rg8 g2 64. Rg7 Rf2+ 65. Ke1 Rf3 66.
Rg5 Kh2 0-1

[Event "34th ECC Women 2018"]
[Site "Porto Carras GRE"]
[Date "2018.10.16"]
[Round "5.3"]
[Board "1"]
[White "Injac, Teodora"]
[Black "De Rosa, Mariagrazia"]
[Result "1-0"]
[WhiteTitle "WIM"]
[BlackTitle "WFM"]
[WhiteElo "2258"]
[BlackElo "2131"]
[WhiteTeam "ZSK Maribor"]
[BlackTeam "Caissa Italia Banca Alpi Marittime"]
[WhiteFideId "932400"]
[BlackFideId "815136"]
[EventDate "2018.10.12"]

1. d4 Nf6 2. Nf3 g6 3. c4 Bg7 4. Nc3 O-O 5. e4 d6 6. Be2 e5 7. O-O Nc6 8. Be3
Ng4 9. Bg5 f6 10. Bc1 f5 11. d5 Ne7 12. Ng5 Nf6 13. exf5 Nxf5 14. Nge4 Nxe4 15.
Nxe4 Qh4 16. Bd3 Bh6 17. Bxh6 Nxh6 18. Qd2 Nf5 19. f4 exf4 20. Rxf4 Qe7 21. Re1
Qg7 22. Ng5 Bd7 23. Bxf5 Bxf5 24. Rh4 h6 25. Ne6 Bxe6 26. Rxe6 h5 27. Qg5 Rf5
28. Qxg6 Raf8 29. Qxg7+ Kxg7 30. h3 Rf1+ 31. Kh2 R1f2 32. Rxh5 R8f7 33. Rg5+ Kh7
34. b4 Rxa2 35. c5 dxc5 36. bxc5 Ra5 37. d6 cxd6 38. Rxd6 Rc7 39. Rgd5 Rb5 40.
Rd7+ Rxd7 41. Rxd7+ Kg6 42. c6 bxc6 43. Rd6+ Kg5 44. Rxc6 a5 45. Ra6 Rc5 46. Ra8
Rb5 47. Rg8+ Kh6 48. g4 a4 49. Ra8 Rb2+ 50. Kg3 Ra2 51. Ra6+ Kg7 52. Kh4 Ra1 53.
Kg5 a3 54. h4 a2 55. h5 Kf7 56. h6 Kf8 57. Ra7 Re1 58. Rxa2 Re8 59. Ra7 Kg8 60.
Kf6 Rf8+ 61. Kg6 Rb8 62. Ra5 Rb6+ 63. Kh5 Kh7 64. g5 Rb8 65. g6+ Kg8 66. h7+ Kg7
67. Ra7+ Kh8 68. Kh6 1-0

[Event "34th ECC Women 2018"]
[Site "Porto Carras GRE"]
[Date "2018.10.16"]
[Round "5.3"]
[Board "2"]
[White "Santeramo, Alessia"]
[Black "Vidic, Teja"]
[Result "0-1"]
[WhiteTitle "WFM"]
[BlackTitle "WFM"]
[WhiteElo "2054"]
[BlackElo "2116"]
[WhiteTeam "Caissa Italia Banca Alpi Marittime"]
[BlackTeam "ZSK Maribor"]
[WhiteFideId "850810"]
[BlackFideId "14605511"]
[EventDate "2018.10.12"]

1. e4 e5 2. Nf3 Nc6 3. Bb5 a6 4. Ba4 Nf6 5. d3 d6 6. c3 g6 7. h3 Bg7 8. Be3 O-O
9. Nbd2 b5 10. Bc2 d5 11. Nb3 h6 12. O-O Nh5 13. d4 exd4 14. cxd4 Nb4 15. e5 f5
16. Bb1 Kh7 17. Bd2 Nc6 18. Qc2 Qe8 19. Rc1 Nd8 20. Qxc7 Ne6 21. Qd6 Rf7 22. Nc5
Nhf4 23. Nxe6 Nxe6 24. Qc6 Bd7 25. Qxd5 Rd8 26. Be3 Bc8 27. Qb3 Bb7 28. Rd1 Rfd7
29. a4 Bxf3 30. gxf3 f4 31. Ba2 Ng5 32. Bd2 Rxd4 33. h4 Rd3 34. hxg5 Rxb3 35.
Bxb3 Qxe5 36. gxh6 Qg5+ 37. Kf1 Qxh6 38. Bc2 Rxd2 39. Rxd2 Qh1+ 40. Ke2 Qxa1 0-1

[Event "34th ECC Women 2018"]
[Site "Porto Carras GRE"]
[Date "2018.10.16"]
[Round "5.3"]
[Board "3"]
[White "Mar, Karmen"]
[Black "Guerini, Silvia jr"]
[Result "0-1"]
[WhiteTitle "WIM"]
[WhiteElo "2107"]
[BlackElo "1977"]
[WhiteTeam "ZSK Maribor"]
[BlackTeam "Caissa Italia Banca Alpi Marittime"]
[WhiteFideId "14603403"]
[BlackFideId "852520"]
[EventDate "2018.10.12"]

1. e4 c5 2. Nc3 e6 3. Nf3 Nc6 4. Bb5 Nge7 5. O-O a6 6. Bxc6 Nxc6 7. Re1 Qc7 8.
d4 cxd4 9. Nxd4 Bd6 10. Nxc6 Bxh2+ 11. Kh1 bxc6 12. Qg4 Be5 13. f4 Bxc3 14. bxc3
O-O 15. Ba3 f5 16. Qh5 c5 17. e5 Bb7 18. Re3 Rf7 19. c4 Be4 20. Qe2 Rb8 21. Rh3
d6 22. exd6 Qxd6 23. Rf1 Rf6 24. Qf2 Qc6 25. Rg3 Rc8 26. Bb2 Rg6 27. Rd1 Qb7 28.
Rxg6 hxg6 29. Be5 Kf7 30. Kg1 Rh8 31. Qd2 Bc6 32. Qd6 Rh4 33. Qc7+ Qxc7 34. Bxc7
Rg4 35. Rd2 g5 36. fxg5 Rxg5 37. Bd6 Rg4 38. Bxc5 Rxc4 39. Bd4 g5 40. c3 Bd5 41.
a3 Ra4 42. Bc5 Rg4 43. Bd4 f4 44. Kf1 Rg3 45. Rc2 Bc4+ 46. Kg1 Kg6 47. Rf2 Bd5
48. Kh2 Kf5 49. Re2 Be4 50. c4 Rxa3 51. c5 Rd3 52. Bg1 g4 53. Ra2 g3+ 54. Kh1 f3
55. c6 fxg2+ 56. Rxg2 Rd2 0-1

[Event "34th ECC Women 2018"]
[Site "Porto Carras GRE"]
[Date "2018.10.16"]
[Round "5.3"]
[Board "4"]
[White "Andolfatto, Maria"]
[Black "Mihevc-Mohr, Narcisa"]
[Result "1-0"]
[BlackTitle "WFM"]
[WhiteElo "2068"]
[BlackElo "1983"]
[WhiteTeam "Caissa Italia Banca Alpi Marittime"]
[BlackTeam "ZSK Maribor"]
[WhiteFideId "2800476"]
[BlackFideId "14600587"]
[EventDate "2018.10.12"]

1. Nf3 Nf6 2. c4 g6 3. g3 Bg7 4. Bg2 O-O 5. Nc3 d6 6. d4 c6 7. O-O Nbd7 8. e4 e5
9. h3 a6 10. a4 exd4 11. Nxd4 a5 12. Re1 Nc5 13. Bf4 Nh5 14. Be3 Be6 15. b3 Qd7
16. Kh2 Rad8 17. f4 f5 18. Nxe6 Qxe6 19. exf5 Qxf5 20. Rc1 Qd3 21. Ne4 Qxd1 22.
Rcxd1 Nxe4 23. Bxe4 Bc3 24. Re2 Rfe8 25. Bb6 Rd7 26. Rd3 Rde7 27. Rxc3 Rxe4 28.
Rxe4 Rxe4 29. Bxa5 Nf6 30. Rd3 d5 31. cxd5 Nxd5 32. Kg2 Kf7 33. Kf3 Re8 34. Bd2
Re7 35. Be3 Ke6 36. Bd2 Kf7 37. b4 Nb6 38. a5 Nc4 39. Be3 Nxe3 40. Rxe3 Rd7 41.
Ke4 Rd5 42. Rc3 Rb5 43. Rc4 Ke6 44. g4 Kf6 45. Kd3 c5 46. bxc5 Rxa5 47. Kd4 h5
48. Rb4 hxg4 49. hxg4 Ra7 50. Kd5 Ke7 51. Rb6 Kf7 52. Kd6 g5 53. fxg5 Kg6 54.
Kc7+ Kxg5 55. Rxb7 Ra1 56. c6 Rc1 57. Kd7 Rd1+ 58. Kc8 Kxg4 59. c7 Kf5 60. Kb8 1-0

[Event "34th ECC Women 2018"]
[Site "Porto Carras GRE"]
[Date "2018.10.16"]
[Round "5.5"]
[Board "1"]
[White "Shvayger, Yuliya"]
[Black "Grapsa, Georgia"]
[Result "1-0"]
[WhiteTitle "IM"]
[BlackTitle "WFM"]
[WhiteElo "2375"]
[BlackElo "2085"]
[WhiteTeam "Beer Sheva Chess Club"]
[BlackTeam "AMO Galaxias Thessaloniki"]
[WhiteFideId "14100126"]
[BlackFideId "4206436"]
[EventDate "2018.10.12"]

1. e4 c5 2. Nf3 d6 3. d4 cxd4 4. Nxd4 Nf6 5. Nc3 a6 6. Be3 e5 7. Nf3 h6 8. Bc4
Be7 9. O-O O-O 10. Bb3 Be6 11. Nh4 Nbd7 12. Nf5 Nc5 13. Bd5 Nxd5 14. Nxd5 Bxf5
15. exf5 Bg5 16. Qg4 Nd7 17. Rad1 Rc8 18. Bxg5 hxg5 19. f6 Re8 20. Ne7+ Rxe7 21.
fxe7 Qxe7 22. c3 g6 23. Rd2 Kg7 24. Rfd1 Rc6 25. Qb4 Nc5 26. Rd5 f5 27. R1d2 Ne4
28. Re2 Qc7 29. Rxe4 fxe4 30. Qxe4 Qf7 31. g3 g4 32. Qd3 Qe6 33. a4 Kf7 34. Qd2
Ke8 35. c4 Qf5 36. Qd1 Ke7 37. b3 g5 38. Rd3 Qe6 39. Qd2 Qf5 40. Re3 Kd7 41. Qe2
Ke6 42. Qd1 Ke7 43. Qd5 Kd7 44. Kg2 Kc7 45. Rd3 Kb8 46. Re3 Ka7 47. a5 Rc5 48.
Qd2 Rc6 49. Qe2 Rc5 50. b4 Rc7 51. Re4 Rf7 52. Rxg4 d5 53. cxd5 e4 54. Qe3+ Kb8
55. Rxg5 Qh7 56. Re5 1-0

[Event "34th ECC Women 2018"]
[Site "Porto Carras GRE"]
[Date "2018.10.16"]
[Round "5.5"]
[Board "2"]
[White "Petraki, Evaggelia"]
[Black "Klinova, Masha"]
[Result "0-1"]
[BlackTitle "IM"]
[WhiteElo "1769"]
[BlackElo "2288"]
[WhiteTeam "AMO Galaxias Thessaloniki"]
[BlackTeam "Beer Sheva Chess Club"]
[WhiteFideId "4252756"]
[BlackFideId "2802015"]
[EventDate "2018.10.12"]

1. c4 e5 2. g3 Nc6 3. Bg2 g6 4. Nc3 Bg7 5. d3 d6 6. Rb1 f5 7. e3 Nf6 8. Nge2 O-O
9. b4 Kh8 10. O-O g5 11. Nd5 Ne7 12. Nec3 Ng6 13. Qc2 f4 14. exf4 gxf4 15. Nxf6
Qxf6 16. Ne4 Qe7 17. Qe2 Be6 18. Nc3 Rab8 19. Bd2 Qf7 20. Qf3 Qd7 21. Qe4 Bf5
22. Qf3 Bg4 23. Qe4 Rf7 24. b5 Bh6 25. Rb2 Bf5 26. Qf3 Rbf8 27. Bc1 Bg7 28. Rb3
Bh3 29. Bxh3 Qxh3 30. Qg2 Qf5 31. Qf3 Qc8 32. Qg2 f3 33. Qh1 Qh3 34. Ne4 Rf5 35.
Ng5 Qh5 36. Ne6 Rg8 37. Nxg7 Rxg7 38. Re1 Nh4 39. Re4 Ng2 40. Kf1 Qh3 41. Kg1
Rg4 42. Rxg4 Qxg4 43. h3 Qg6 44. Kh2 Rh5 45. Kg1 e4 46. g4 Rc5 47. Ba3 Re5 48.
Bb2 exd3 49. Bxe5+ dxe5 50. Kh2 Qd6 51. Qf1 e4+ 52. Kg1 Nf4 53. c5 Qd4 54. Rb1
Ne2+ 55. Kh1 d2 56. Kh2 Nc3 57. Ra1 d1=Q 58. Rxd1 Nxd1 59. Kg3 Nc3 60. c6 b6 61.
h4 Ne2+ 62. Kh2 Kg7 63. Kh1 Qf6 64. Qh3 Qa1+ 65. Kh2 Qg1# 0-1